| 000 | 01160nam a22002537a 4500 | ||
|---|---|---|---|
| 005 | 20100622113551.0 | ||
| 008 | 100622t xxu||||| |||| 00| 0 hin d | ||
| 010 | _aHIN-89556 | ||
| 020 |
_a9788126718993 _c200.00 |
||
| 035 | _aHN-61902 | ||
| 037 | _bDBAD / PUB | ||
| 040 |
_aDPL _bHN |
||
| 082 | _a821 | ||
| 100 |
_aशुक्ल, अष्टभुजा _922656 |
||
| 245 |
_aइसी हवा में अपनी भी दो चार साँस है / _cअष्टभुजा शुक्ल |
||
| 246 |
_aIsi hawa mein apani bhi do chaar sans hai _bby Ashtbhuja Shukla |
||
| 260 |
_aनई दिल्ली _bराजकमल प्रकाशन _c2010 |
||
| 270 |
_a1-बी, नेताजी सुभाष मार्ग _bनई दिल्ली _e110002 |
||
| 300 |
_a164पृ _c22सेमी (सजिल्द) |
||
| 650 |
_aहिन्दी कविता _9697 |
||
| 650 |
_aHindi Poetry _9698 |
||
| 942 |
_2ddc _cHN _h821 _mशुक्लअ |
||
| 999 |
_c36744 _d36744 |
||